District Line London Underground (Any Order) - Statistics

General Stats
  • This quiz has been taken 1,882 times
  • The average score is 43 of 60
Answer Stats
Hint Answer % Correct
22 Earl's Court
89%
29 South Kensington
86%
33 Westminster
86%
14 Wimbledon
86%
59 Upminster
85%
34 Embankment
84%
5 Richmond
84%
31 Victoria
84%
35 Temple
82%
1 Ealing Broadway
81%
30 Sloane Square
81%
40 Tower Hill
81%
36 Blackfriars
80%
32 St. James's Park
79%
10 Hammersmith
76%
39 Monument
76%
18 Putney Bridge
76%
47 West Ham
76%
41 Aldgate East
75%
38 Cannon Street
75%
28 Gloucester Road
75%
23 High Street Kensington
75%
60 Kew Gardens
75%
37 Mansion House
75%
51 Barking
74%
50 East Ham
74%
11 Barons Court
73%
13 Kensington (Olympia)
72%
20 Fulham Broadway
71%
26 Paddington
70%
7 Turnham Green
70%
27 Edgware Road
69%
24 Notting Hill Gate
69%
42 Whitechapel
69%
17 East Putney
68%
55 Dagenham East
67%
58 Upminster Bridge
67%
12 West Kensington
67%
25 Bayswater
66%
44 Mile End
66%
15 Wimbledon Park
66%
2 Ealing Common
65%
6 Gunnersbury
65%
9 Ravenscourt Park
65%
49 Upton Park
65%
4 Chiswick Park
64%
16 Southfields
64%
3 Acton Town
63%
46 Bromley-By-Bow
63%
54 Dagenham Heathway
63%
21 West Brompton
63%
19 Parsons Green
62%
45 Bow Road
61%
48 Plaistow
61%
43 Stepney Green
61%
52 Upney
59%
8 Stamford Brook
58%
57 Hornchurch
57%
53 Becontree
52%
56 Elm Park
50%
No matching quizzes found
Score Distribution
Percent of People with Each Score
Percentile by Number Answered
Your Score History
You have not taken this quiz